Lamb modes having multiple zero-group velocity points / (Record no. 526011)
[ view plain ]
| 000 -LEADER | |
|---|---|
| fixed length control field | 00593nam a22001937a 4500 |
| 003 - CONTROL NUMBER IDENTIFIER | |
| control field | NUST |
| 015 ## - NATIONAL BIBLIOGRAPHY NUMBER | |
| Qualifying information | Hardcover. |
| 038 ## - RECORD CONTENT LICENSOR | |
| Staff Name | Mr. Zahoor |
| 082 ## - DEWEY DECIMAL CLASSIFICATION NUMBER | |
| Classification number | 200 |
| 100 ## - MAIN ENTRY--PERSONAL NAME | |
| Personal name | Hussain, Takasar |
| 9 (RLIN) | 16968 |
| 245 ## - TITLE STATEMENT | |
| Title | Lamb modes having multiple zero-group velocity points / |
| Statement of responsibility, etc. | Takasar Hussain |
| 260 ## - PUBLICATION, DISTRIBUTION, ETC. | |
| Place of publication, distribution, etc. | Islamabad : |
| Name of publisher, distributor, etc. | SNS - NUST, |
| Date of publication, distribution, etc. | 2014. |
| 300 ## - PHYSICAL DESCRIPTION | |
| Extent | xii 132 p. : ill. ; |
| 600 ## - SUBJECT ADDED ENTRY--PERSONAL NAME | |
| General subdivision | PhD-Mathematics |
| 9 (RLIN) | 123775 |
| 650 ## - SUBJECT ADDED ENTRY--TOPICAL TERM | |
| Topical term or geographic name entry element | Philosophy - PhD Thesis |
| 9 (RLIN) | 16959 |
| 700 ## - ADDED ENTRY--PERSONAL NAME | |
| Personal name | Supervisor:Prof. Faiz Ahmad |
| 9 (RLIN) | 123776 |
| 856 ## - ELECTRONIC LOCATION AND ACCESS | |
| Uniform Resource Identifier | <a href="http://10.250.8.41:8080/xmlui/handle/123456789/3832">http://10.250.8.41:8080/xmlui/handle/123456789/3832</a> |
| 942 ## - ADDED ENTRY ELEMENTS (KOHA) | |
| Source of classification or shelving scheme | |
| Koha item type | Soft Copy |
| Withdrawn status | Lost status | Source of classification or shelving scheme | Damaged status | Not for loan | Permanent Location | Current Location | Shelving location | Date acquired | Full call number | Barcode | Date last seen | Price effective from | Koha item type |
|---|---|---|---|---|---|---|---|---|---|---|---|---|---|
| Central Library (CL) | Central Library (CL) | Thesis | 07/08/2019 | 200 | CLPT-437 | 07/14/2019 | 07/08/2019 | Soft Copy | |||||
| Central Library (CL) | Central Library (CL) | 07/26/2019 | 200 | CLPT-440 | 07/26/2019 | 07/26/2019 | Soft Copy |
